000 00471nam a2200241Ia 4500
001 072962
003 YMCAF
005 20230512160821.0
008 100717s1996 ||||||||||||||||| ||und|d
020 _a-
024 _a72962
035 _a12425
040 _aYMCAF
_beng
_cIN-KoLT
041 _aeng
082 _a670.285
_bGRO
100 _aGROOVER
245 0 _aCAD/CAM
250 _a-
260 _bTMH
_c1996
653 _a-
653 _a-
942 _2ddc
_cBK
999 _c6583
_d6583